01650nam a2200313 a 450000100100000000500170001000800410002702000150006804000250008308200280010824500970013625000110023326000360024430000280028050000550030850000650036359000260042865000420045465000310049665000400052770000400056791000380060795201400064595201400078595201400092595201250106595201310119099900150132100000758520250219074027.0090909t2004 dr c 001 p spa d z994510005X aDO-SdBNPbspacBNPHU aRD861.4408bS677r, 200400aSobre rieles :bantología de poetas de la provincia La Romana /ccompilador Isael Pérez. a2a ed. aSanto Domingo :bBúho,c2004. a243 p. :bil. ;c21 cm. aIncluye datos biográficos de autor en la solapa. aIncluye síntesis biográficas de los autores antologados. aInventariado, 2018/LP 4aPoesía dominicanaxColecciones9351 0aLiteratura dominicana.967 4aPoetas dominicanosxSiglo xx9210451 aPérez, Isael,d1961-ecomp.91414 aValidado. Control de calidad. EMS 001054708DSaGRbGRcHDd2009-09-09iLF1l0oRD861.4408 S677r, 2004p7585-30r2020-06-25te. 3w2020-06-25yLFDSZPréstamo en sala 001054708DSaGRbGRcHDd2009-09-09iLF1l0oRD861.4408 S677r, 2004p7585-40r2020-06-25te. 4w2020-06-25yLFDSZPréstamo en sala 001054708DSaGRbGRcHDd2009-09-09iLF1l0oRD861.4408 S677r, 2004p7585-50r2020-06-25te. 5w2020-06-25yLFDSZPréstamo en sala 0010718PDaPDbPDcHDd2009-09-09iLF1l0oRD861.4408 S677r, 2004p7585-10r2020-06-25w2020-06-25yLFPDZNo se presta 0010718PDaPDbPDcHDd2009-09-09iLF1l0oRD861.4408 S677r, 2004p7585-20r2020-06-25te. 2w2020-06-25yLFPDZNo se presta c7365d7365